Piyari / (Record no. 332567)

MARC details
000 -LEADER
fixed length control field 00409cam a2200169ua 4500
020 ## - INTERNATIONAL STANDARD BOOK NUMBER
Terms of availability 1.50
041 ## - LANGUAGE CODE
Language code of text/sound track or separate title mal
Language code of original
082 ## - DEWEY DECIMAL CLASSIFICATION NUMBER
Classification number 894.812308
Item number SAR/PI
100 ## - MAIN ENTRY--PERSONAL NAME
Personal name Sarathchandra, Chatterjee .
245 ## - TITLE STATEMENT
Title Piyari /
Statement of responsibility, etc. Sarathchandra Chatterjee.
Medium Textual Documents
260 ## - PUBLICATION, DISTRIBUTION, ETC. (IMPRINT)
Place of publication, distribution, etc. :
Name of publisher, distributor, etc. K Narayanan ,
Date of publication, distribution, etc. 1960.
300 ## - PHYSICAL DESCRIPTION
Extent 142 ; .
365 ## - TRADE PRICE
Price type code 1.50
504 ## - BIBLIOGRAPHY, ETC. NOTE
Bibliography, etc
942 ## - ADDED ENTRY ELEMENTS (KOHA)
Koha item type Books (General)
Holdings
Withdrawn status Lost status Damaged status Not for loan Home library Current library Date acquired Total Checkouts Full call number Barcode Date last seen Price effective from Koha item type Public note
Written off       Kelappaji College of Agricultural Engineering & Technology Library, Tavanur Kelappaji College of Agricultural Engineering & Technology Library, Tavanur 07/04/2012   894.812308 KAU_KCAEFT-5603 03/09/2025 03/09/2025 Books (General) Deleted
Kerala Agricultural University Central Library
Thrissur-(Dt.), Kerala Pin:- 680656, India
Ph : (+91)(487) 2372219
E-mail: librarian@kau.in
Website: http://library.kau.in/